Po deviatej priečke chcú do štvrťfinále dnes sa v Iráne - aj za účasti Slovenska - začínajú 12. MS volejbalistov do 21 rokov

Bibliographic Details
Format: Article
Language:Slovak
PhysicalDescription:Fotogr.
ISSN:0139-7001
Subjects:

MARC

LEADER 00000nab a2200000 a 4500
001 vtls000842871
003 SK-MaSNL
005 20260303192750.0
008 180206c2003 xo 0 slo
015 |a SNBRB2003/09-23424 
035 |a CLN000194526 
040 |a SNKBUCL  |b slo  |c SNKBUCL  |e AACR2 
041 0 |a slo 
044 |a xo  |c SK 
080 |a 796.325.093.1(100)  |2 UDC-MRF-SK2 
245 0 0 |a Po deviatej priečke chcú do štvrťfinále  |b dnes sa v Iráne - aj za účasti Slovenska - začínajú 12. MS volejbalistov do 21 rokov 
300 |b Fotogr. 
611 1 7 |a Majstrovstvá sveta volejbalistov do 21 rokov  |d 2003  |c Teherán, Irán  |2 snkbucl  |9 1223359 
650 0 7 |a volejbal  |2 snkbucl  |9 3294 
655 7 |a články z novín a časopisov  |2 snkbucl  |9 267496 
773 0 |x 0139-7001  |t Šport  |g Roč. 57, č. 195 (23.8.2003), s. 5 
850 |a Slovenská národná knižnica v Martine 
852 |a SNK  |b KIS3GCP 
958 |a RBX 
999 |c 2148613  |d 2150543